Tilastot visalle Jalkapallon maailman mestaruuden voittaneet maat

Klikkaa tästä pelataksesi tätä visaa!

Yleistilastot

  • Tätä visaa on pelattu 227 kertaa
  • Keskiarvotulos 7 / 8

Vastaustilastot

#Maa% Oikein
4Saksa
100%
5Brasilia
97%
2Ranska
97%
4Italia
92%
1Espanja
91%
2Argentiina
90%
1Englanti
82%
2Uruguay
75%

Tulosjakauma

Persentiili vastausten määrän mukaan

Jokaisen tuloksen saaneiden osuus

Tuloshistoriasi

Et ole pelannut tätä visaa